<?xml version="1.0" encoding="UTF-8"?>
<record
    xmlns:xsi="http://www.w3.org/2001/XMLSchema-instance"
    xsi:schemaLocation="http://www.loc.gov/MARC21/slim http://www.loc.gov/standards/marcxml/schema/MARC21slim.xsd"
    xmlns="http://www.loc.gov/MARC21/slim">

  <leader>01076nam a2200325 a 4500</leader>
  <controlfield tag="001">000116006</controlfield>
  <controlfield tag="003">CHAP</controlfield>
  <controlfield tag="005">20220329144557.0</controlfield>
  <controlfield tag="008">190827s2015    mx     |r|    ||||j|spa d</controlfield>
  <datafield tag="010" ind1=" " ind2=" ">
    <subfield code="a">112467</subfield>
  </datafield>
  <datafield tag="011" ind1=" " ind2=" ">
    <subfield code="a">113439</subfield>
  </datafield>
  <datafield tag="020" ind1=" " ind2=" ">
    <subfield code="a">9786079619732</subfield>
  </datafield>
  <datafield tag="040" ind1=" " ind2=" ">
    <subfield code="c">CHAP</subfield>
  </datafield>
  <datafield tag="082" ind1="0" ind2="4">
    <subfield code="a">863</subfield>
    <subfield code="b">F31</subfield>
  </datafield>
  <datafield tag="100" ind1="1" ind2=" ">
    <subfield code="a">F&#xE9;lix Gaxiola, Alicia Guadalupe.</subfield>
    <subfield code="9">136712</subfield>
  </datafield>
  <datafield tag="245" ind1="1" ind2="0">
    <subfield code="a">Mi casa frente al tren :</subfield>
    <subfield code="b">el &#xE1;rbol geneal&#xF3;gico /</subfield>
    <subfield code="c">por Alicia Guadalupe F&#xE9;lix Gaxiola; editado por Frida Varinia Ramos Koprivitza y Alfredo Castro Mondrag&#xF3;n.</subfield>
  </datafield>
  <datafield tag="260" ind1=" " ind2=" ">
    <subfield code="a">Morelos :</subfield>
    <subfield code="b">Quadrivium,</subfield>
    <subfield code="c">2015.</subfield>
  </datafield>
  <datafield tag="300" ind1=" " ind2=" ">
    <subfield code="a">103 p.</subfield>
  </datafield>
  <datafield tag="490" ind1=" " ind2=" ">
    <subfield code="a">Los puentes de la alquimia</subfield>
  </datafield>
  <datafield tag="590" ind1=" " ind2=" ">
    <subfield code="a">BATCH-UPD</subfield>
    <subfield code="b">05</subfield>
    <subfield code="c">20190827</subfield>
    <subfield code="l">UCH01</subfield>
    <subfield code="h">1237</subfield>
  </datafield>
  <datafield tag="590" ind1=" " ind2=" ">
    <subfield code="a">E11695DGD</subfield>
    <subfield code="b">10</subfield>
    <subfield code="c">20190828</subfield>
    <subfield code="l">UCH01</subfield>
    <subfield code="h">1033</subfield>
  </datafield>
  <datafield tag="590" ind1=" " ind2=" ">
    <subfield code="a">E5765TAJ</subfield>
    <subfield code="b">05</subfield>
    <subfield code="c">20190827</subfield>
    <subfield code="l">UCH01</subfield>
    <subfield code="h">1236</subfield>
  </datafield>
  <datafield tag="650" ind1="1" ind2="4">
    <subfield code="a">Narrativa mexicana.</subfield>
    <subfield code="9">135156</subfield>
  </datafield>
  <datafield tag="700" ind1="1" ind2=" ">
    <subfield code="a">Castro Mondrag&#xF3;n, Alfredo</subfield>
    <subfield code="e">ed.</subfield>
    <subfield code="9">136456</subfield>
  </datafield>
  <datafield tag="700" ind1="1" ind2=" ">
    <subfield code="a">Ramos Koprivitza, Frida Varinia</subfield>
    <subfield code="e">ed.</subfield>
    <subfield code="9">136661</subfield>
  </datafield>
  <datafield tag="830" ind1=" " ind2="4">
    <subfield code="a">Los puentes de la alquimia</subfield>
    <subfield code="9">136713</subfield>
  </datafield>
  <datafield tag="901" ind1=" " ind2=" ">
    <subfield code="a">BK</subfield>
  </datafield>
  <datafield tag="942" ind1=" " ind2=" ">
    <subfield code="c">LIBRO</subfield>
  </datafield>
  <datafield tag="942" ind1=" " ind2=" ">
    <subfield code="n">0</subfield>
  </datafield>
  <datafield tag="999" ind1=" " ind2=" ">
    <subfield code="c">112467</subfield>
    <subfield code="d">112467</subfield>
  </datafield>
  <datafield tag="952" ind1=" " ind2=" ">
    <subfield code="0">0</subfield>
    <subfield code="1">0</subfield>
    <subfield code="2">ddc</subfield>
    <subfield code="4">0</subfield>
    <subfield code="5">2</subfield>
    <subfield code="7">0</subfield>
    <subfield code="8">GRAL</subfield>
    <subfield code="a">BC</subfield>
    <subfield code="b">BC</subfield>
    <subfield code="c">PP_GRAL</subfield>
    <subfield code="d">2019-08-27</subfield>
    <subfield code="f">LIBRO</subfield>
    <subfield code="l">2</subfield>
    <subfield code="o">863 F31</subfield>
    <subfield code="p">33724002555991</subfield>
    <subfield code="r">2025-10-07 18:35:18</subfield>
    <subfield code="s">2025-09-17</subfield>
    <subfield code="w">2019-12-31</subfield>
    <subfield code="y">LIBRO</subfield>
  </datafield>
</record>
